El Quijote y nuestro tiempo (Record no. 90366)

MARC details
000 -LEADER
campo de control de longitud fija 00943nam a2200241 i 4500
001 - NÚMERO DE CONTROL
campo de control 90366
003 - IDENTIFICADOR DE NÚMERO DE CONTROL
campo de control ES-MaACL
005 - FECHA Y HORA DE LA ÚLTIMA TRANSACCIÓN
campo de control 20250610161237.0
008 - DATOS DE LONGITUD FIJA--INFORMACIÓN GENERAL
campo de control de longitud fija 050120s1971 sp |||| | spa d
100 1# - ENTRADA PRINCIPAL--NOMBRE DE PERSONA
Nombre de persona Ledesma Ramos, Ramiro,
Fechas asociadas al nombre 1905-1936
9 (RLIN) 71157
245 13 - MENCIÓN DEL TÍTULO
Título El Quijote y nuestro tiempo
Resto del título : (ensayo) /
Mención de responsabilidad, etc. Ramiro Ledesma Ramos ; [prólogo de Tomás Borrás].
260 ## - PUBLICACIÓN, DISTRIBUCIÓN, ETC.
Lugar de publicación, distribución, etc. Madrid :
Nombre del editor, distribuidor, etc. Vassayo de Mumbert,
Fecha de publicación, distribución, etc. [1971]
300 ## - DESCRIPCIÓN FÍSICA
Extensión 173 p. ;
Dimensiones 19 cm.
490 1# - MENCIÓN DE SERIE
Mención de serie Biblioteca literaria Tomás Borrás
530 ## - NOTA DISPONIBLE DE FORMULARIO FÍSICO ADICIONAL
Nota de formato físico adicional disponible Disponible en formato digital.
600 14 - PUNTO DE ACCESO ADICIONAL DE MATERIA--NOMBRE DE PERSONA
Nombre de persona Cervantes Saavedra, Miguel de,
Fechas asociadas al nombre 1547-1616.
Título de la obra Don Quijote de la Mancha
9 (RLIN) 37612
700 1# - ENTRADA AGREGADA--NOMBRE PERSONAL
Nombre de persona Borrás, Tomás,
Fechas asociadas al nombre 1891-1976
9 (RLIN) 30556
830 0# - PUNTO DE ACCESO ADICIONAL DE SERIE-TÍTULO UNIFORME
Título uniforme Biblioteca literaria Tomás Borrás
9 (RLIN) 184558
852 ## - LOCALIZACIÓN
Ubicación ES-MaACL
Número de control de estantería C-42459
852 ## - LOCALIZACIÓN
Ubicación ES-MaACL
Número de control de estantería L-12684
856 ## - LOCALIZACIÓN Y ACCESO ELECTRÓNICOS
Identificador Uniforme de Recursos <a href="http://bdh-rd.bne.es/viewer.vm?id=0000252818&page=1 ">http://bdh-rd.bne.es/viewer.vm?id=0000252818&page=1 </a>
Nota pública Biblioteca Digital Hispánica
Holdings
Estatus retirado Estado de pérdida Estado de daño No para préstamo Colección Biblioteca de origen Biblioteca actual Ubicación en estantería Fecha de adquisición Fuente de adquisición Total de préstamos Signatura topográfica completa Código de barras Visto por última vez Precio de reemplazo Tipo de ítem Koha
        Colección digital Biblioteca del Ateneo de Madrid Biblioteca del Ateneo de Madrid Depósito 2 17/01/2008     L-12684 1094365 23/02/2023 23/02/2023 Libro impreso
        Colección digital Biblioteca del Ateneo de Madrid Biblioteca del Ateneo de Madrid Depósito 2 17/01/2008     C-42459 1094364 23/02/2023 23/02/2023 Libro impreso